Wszystkie Stolice Świata z Mapą - Statystyki

Ogólne statystyki
  • Ten quiz został rozwiązany 815 razy
    126 od ostatniego zresetowania
  • Średni wynik to 116 z 199
Odpowiedzi na mapie
Odpowiedzi zakodowano w zielono-czerwonej skali na mapie do tego quizu, zgodnie z poniższymi procentami.
 
Statystyki odpowiedzi
Stolica % Poprawnych
Bratysława
97%
Warszawa
97%
Amsterdam
94%
Andora
94%
Ateny
94%
Berlin
94%
Budapeszt
94%
Bukareszt
94%
Londyn
94%
Monako
94%
Oslo
94%
Pekin
94%
Sztokholm
94%
Watykan
94%
Wiedeń
94%
Bruksela
91%
Dublin
91%
Helsinki
91%
Kair
91%
Kijów
91%
Kopenhaga
91%
Lizbona
91%
Luksemburg
91%
Madryt
91%
Meksyk
91%
Mińsk
91%
Moskwa
91%
Ottawa
91%
Paryż
91%
Praga
91%
Reykjavik
91%
Ryga
91%
Sofia
91%
Tallinn
91%
Tirana
91%
Tokio
91%
Waszyngton
91%
Wilno
91%
Ankara
88%
Lublana
88%
Rzym
88%
San Marino
88%
Sarajewo
88%
Seul
88%
Zagrzeb
88%
Berno
85%
Valletta
85%
Belgrad
82%
Brasilia
82%
Kiszyniów
82%
Tunis
82%
Vaduz
82%
Buenos Aires
79%
Jerozolima
79%
Pjongjang
79%
Algier
76%
Astana
76%
Nowe Delhi
76%
Podgorica
76%
Rabat
76%
Ułan Bator
76%
Prisztina
74%
Skopje
74%
Teheran
74%
Canberra
71%
Hawana
71%
Kuwejt
71%
Lima
71%
Nikozja
71%
Santiago
71%
Abu Zabi
68%
Baku
68%
Bangkok
68%
Bogota
68%
Montevideo
68%
Caracas
65%
Rijad
65%
Tajpej
65%
Tbilisi
65%
Bagdad
62%
Dżakarta
62%
Erywań
62%
Hanoi
62%
Kapsztad
62%
Manila
62%
Singapur
62%
Wellington
62%
Bejrut
59%
Damaszek
59%
La Paz
59%
Male
59%
Panama
59%
Trypolis
59%
Ad-Dauha
56%
Antananarywa
56%
Dakar
56%
Dhaka
56%
Islamabad
56%
Kuala Lumpur
56%
Maskat
56%
Nairobi
56%
Pretoria
56%
Quito
56%
Sri Dźajawardanapura Kotte
56%
Amman
53%
Biszkek
53%
Gwatemala
53%
Kabul
53%
Taszkent
53%
Dżibuti
50%
Freetown
50%
Katmandu
50%
Sucre
50%
Thimphu
50%
Wientian
50%
Duszanbe
47%
Georgetown
47%
Kingston
47%
Kingstown
47%
Santo Domingo
47%
Abudża
44%
Addis Abeba
44%
Akra
44%
Asunción
44%
Aszchabad
44%
Manama
44%
Naypyidaw
44%
Phnom Penh
44%
Port Moresby
44%
Port-of-Spain
44%
Sana
44%
San Salvador
44%
Victoria
44%
Bissau
41%
Chartum
41%
Dili
41%
Kinszasa
41%
Paramaribo
41%
San José
41%
Suva
41%
Bandar Seri Begawan
38%
Dżuba
38%
Nassau
38%
Ndżamena
38%
Niamey
38%
Praia
38%
São Tomé
38%
Bangi
35%
Funafuti
35%
Gaborone
35%
Gitega
35%
Konakry
35%
Luanda
35%
Managua
35%
Mbabane
35%
Mogadiszu
35%
Port Louis
35%
Bamako
32%
Belmopan
32%
Brazzaville
32%
Bridgetown
32%
Dodoma
32%
Harare
32%
Honiara
32%
Kampala
32%
Kigali
32%
Lusaka
32%
Majuro
32%
Palikir
32%
Porto-Novo
32%
Tarawa
32%
Tegucigalpa
32%
Windhuk
32%
Yaren
32%
Bloemfontein
29%
Libreville
29%
Ngerulmud
29%
Saint John's
29%
Wagadugu
29%
Bandżul
26%
Jaunde
26%
Lomé
26%
Maputo
26%
Monrovia
26%
Port Vila
26%
Roseau
26%
Saint George's
26%
Apia
24%
Asmara
24%
Castries
24%
Jamusukro
24%
Maseru
24%
Moroni
24%
Nawakszut
24%
Nukuʻalofa
24%
Port-au-Prince
24%
Basseterre
18%
Lilongwe
18%
Ciudad de la Paz
15%
Nie znaleziono quizów pasujących do podanych kryteriów
Rozkład punktacji
Procent ludzi z każdym wynikiem
Percentyl według liczby udzielonych odpowiedzi
Twoja historia wyników
Nie rozwiązałeś tego quizu od ostatniego zresetowania